| 000 | 00417nam a2200145Ia 4500 | ||
|---|---|---|---|
| 008 | 151213s9999 xx 000 0 und d | ||
| 100 | _a‡gvnv¤§` kvnRvnvb| | ||
| 245 |
_acxi G evqZzk kid kvn Ave`yj ReŸvi (ivn) Gi cexG Rxebx| _c‡gvnv¤§` kvnRvnvb| |
||
| 260 |
_aChittagong _c2000 |
||
| 300 | _a7413 p. | ||
| 650 | _aBangla | ||
| 650 | _aBengali Literature | ||
| 700 | _a‡gvnv¤§` kvnRvnvb| | ||
| 999 |
_c3951 _d3951 |
||